00695cam a2200229 i 450000100100000000500170001000800410002701000130006801500130008102000150009404000230010905000230013210000360015524500900019126000350028130000210031644000280033750400280036560000320039370000290042508200110045400000426620200929151423.0790823s1978 sp b 000 0 spa  a79370192 aSp78-Apr a8437601320 aDO-SdBNPcDLCdDLC00aPQ6321.C7bM7 19781 aCastro, Guillen de,d1569-1631.14aLas mocedades del Cid /c[por] Guillen de Castro ; edicion de Luciano Garcia Lorenzo. aMadrid :bCatedra,cD.L. 1978. a188 p. ;c18 cm. 0aLetras hispanicas ;v72 aBibliography: p. 53-60.00aCid,dca. 1043-1099xDrama.2 aGarcia Lorenzo, Luciano.00a862/.3